Open Data Biblioteca Nacional de Portugal


República Portuguesa: Ministério da Cultura
Biblioteca Nacional de Portugal

Catálogo da BNP: acesso por Identificadores Unívocos
Registos Bibliográficos associados ao registo de autoridade

Etiqueta de registo: 00254nam 2200025 450
001 2245187
003 http://id.bnportugal.gov.pt/bib/catbnp/2245187
100 ## $a20260112d2025 k y0pory01030103ba
101 0# $apor$deng
102 ## $aPT
105 ## $aa m 000yy
106 ## $ar
200 1# $aContributos para uma gestão eficiente do balanced scorecard no setor educativo brasileiro$e um estudo de caso$fIsaias de Jesus Alvares Mendes Junior$gorient. Maria do Céu Ferreira Gaspar Alves
210 #9 $aCovilhã$c[s.n.],$d2025
215 ## $aXXV, 166 p.$cil.$d28 cm
328 #1 $aTese dout. Gestão, Universidade da Beira Interior, Covilhã, 2025
675 ## $a37.014(81)(043)$vBN$zpor$31020255
675 ## $a005.21(81)(043)$vBN$zpor$31404493
700 #1 $aMendes Junior,$bIsaias de Jesus Alvares $31977165
702 #1 $aAlves,$bMaria do Céu Ferreira Gaspar$4727$31145711
801 #0 $aPT$bBN$gRPC
966 ## $lBN$mFGMON$sP. 71846 V.$x1
971 ## $ccsilva$d20260112
972 ## $e0$z0$d20260128$vabrito
973 ## $cigoulao$d20260126
975 ## $e0$d20260218$viquintas

OpendataBNP@bnportugal.pt | Mais informação sobre acesso aos dados BNP